Statistics for Donald Trump States- State Primaries/Caucuses That He Won

Click here to take the quiz!

General Stats

  • This quiz has been taken 200 times
    (138 since last reset)
  • The average score is 29 of 36

Answer Stats

State% Correct
Florida
94%
Alabama
91%
Georgia
90%
California
88%
New York
88%
Indiana
87%
South Carolina
87%
Michigan
86%
Virginia
86%
North Carolina
85%
Washington
85%
Kentucky
84%
New Mexico
84%
Oregon
84%
New Hampshire
83%
Pennsylvania
83%
Mississippi
82%
Tennessee
82%
Vermont
82%
Louisiana
81%
Montana
81%
Delaware
80%
New Jersey
80%
Rhode Island
80%
Arizona
79%
South Dakota
79%
West Virginia
79%
Missouri
78%
Nevada
78%
Illinois
77%
Nebraska
76%
Hawaii
75%
Arkansas
74%
Connecticut
74%
Maryland
74%
Massachusetts
72%

Score Distribution

Percentile by Number Answered

Percent of People with Each Score

Your Score History

You have not taken this quiz since the last reset